| 000 | 00654nam a22002057a 4500 | ||
|---|---|---|---|
| 999 |
_c13961 _d13961 |
||
| 003 | AR-CdUCM | ||
| 008 | 190417b ||||| |||| 00| 0 spa d | ||
| 020 | _a2-89429-849-8 | ||
| 040 |
_aMUNICIPALIDAD PROVINCIAL DEL CUSCO _cBIBLIOTECA MUNICIPAL DEL CUSCO |
||
| 082 |
_aPI / 803 / _bG28 |
||
| 110 |
_aTormont, internacional limited. _932592 |
||
| 245 | _aEl gato con botas / | ||
| 260 |
_aChina : _bTormont, internacional limited, _c1995. |
||
| 300 |
_a29 páginas ; _c16 cm. |
||
| 440 |
_aColección clásica de cuentos. _932598 |
||
| 505 | _aContenido :Gato con botas. | ||
| 650 |
_aCuentos _9217 |
||
| 942 |
_2ddc _cLIBROS |
||
| 945 |
_arum _d2019-04-17 |
||